000 00603nam a2200193 4500
001 114230
003 ES-MaACL
005 20230906190115.0
007 t|
008 061121s1958 sp r ||||1| spa d
100 1 _aPaluzie Borrell, Antonio.
_988725
245 1 0 _aCómo se realizarán los viajes interplanetarios
_b: (astronáutica) /
_cAntonio Paluzie Borrell.
260 _aBarcelona :
_bRauter,
_c1958.
300 _a192 p. :
_bil. ;
_c16 cm.
490 1 _aColección cómo ;
_v2
830 0 _aColección cómo ;
_v2
_9229879
852 _aES-MaACL
_jC-291
_bR.43922
999 _c114230
_d114230